000
00191 a2200097 4500
020
_a
9788491456179
041
_a
spa
100
_a
Aaron Reynolds
245
_a
El lapicero Malefico
942
_c
K
999
_c
30772
_d
30770